000103165 001__ 103165 000103165 005__ 20210615083759.0 000103165 037__ $$aGDOC-2020-27129 000103165 041__ $$aspa 000103165 041__ $$aeng 000103165 100__ $$0(orcid)0000-0002-5175-8394$$1363445$$aLuis Alberto Anel, Bernal 000103165 24500 $$927129$$aTrabajo fin de Grado 000103165 24200 $$927129$$aUndergraduate Dissertation 000103165 260__ $$aZaragoza$$bUniversidad de Zaragoza$$c2020-2021 000103165 521__ $$9125$$aGraduado en Biotecnología$$bDegree in Biotechnology 000103165 540__ $$aby-nc-sa$$bCreative Commons$$c3.0$$uhttp://creativecommons.org/licenses/by-nc-sa/3.0/ 000103165 700__ $$0(orcid)0000-0002-8134-0693$$1794215$$aJesús Andrés Arenas, Busto 000103165 700__ $$1836665$$aSandra Arroyo, Urea 000103165 700__ $$0(orcid)0000-0002-8585-6371$$1333040$$aMaría Pilar Bayona, Bafaluy 000103165 700__ $$0(orcid)0000-0002-6546-6149$$1706559$$aAndrea Bellés, Miralles 000103165 700__ $$0(orcid)0000-0002-8181-2689$$1367132$$aMaría Teresa Bes, Fustero 000103165 700__ $$0(orcid)0000-0003-0029-4822$$1416474$$aAna Isabel Betrán, Escartín 000103165 700__ $$1666361$$aJuan Calvet, Seral 000103165 700__ $$0(orcid)0000-0001-5193-7782$$1309550$$aAna Cristina Calvo, Royo 000103165 700__ $$0(orcid)0000-0003-0062-1029$$1389892$$aJosé Alberto Carrodeguas, Villar 000103165 700__ $$0(orcid)0000-0002-5049-3646$$1457482$$aGuillermo Cebrián, Auré 000103165 700__ $$0(orcid)0000-0002-9138-6687$$1442216$$aNunilo Cremades, Casasin 000103165 700__ $$0(orcid)0000-0001-8971-7355$$1147736$$aPatricio Fernández, Silva 000103165 700__ $$0(orcid)0000-0003-4076-6118$$1390600$$aPatricia Ferreira, Neila 000103165 700__ $$0(orcid)0000-0001-8644-4574$$1127267$$aMaría Francisca Fillat, Castejón 000103165 700__ $$0(orcid)0000-0002-2954-1068$$1647757$$aLaura García, Mendívil 000103165 700__ $$0(orcid)0000-0002-4254-3148$$1793042$$aJavier García, Nafría 000103165 700__ $$0(orcid)0000-0002-9864-7683$$1306733$$aJosé Manuel García, Aznar 000103165 700__ $$0(orcid)0000-0003-0145-3020$$1302873$$aNuria Garrido, Pérez 000103165 700__ $$0(orcid)0000-0002-5306-9365$$1447904$$aLaura Grasa, López 000103165 700__ $$0(orcid)0000-0002-0474-255X$$1699627$$aJorge Guío, Martínez 000103165 700__ $$0(orcid)0000-0003-2044-4795$$1502005$$aBeatriz Herguedas, Francés 000103165 700__ $$0(orcid)0000-0002-6806-9990$$1667978$$aAdelaida Hernaiz, Martorell 000103165 700__ $$0(orcid)0000-0003-4904-2319$$1386269$$aMaría Iturralde, Navarro 000103165 700__ $$0(orcid)0000-0001-9142-0737$$1331518$$aEstíbaliz Jarauta, Simón 000103165 700__ $$0(orcid)0000-0002-9647-0108$$1577437$$aItziar Lamiquiz, Moneo 000103165 700__ $$0(orcid)0000-0002-5797-3909$$1538792$$aEva Latorre, Duque 000103165 700__ $$0(orcid)0000-0002-3364-1512$$1587983$$aJuan Mangas, Sánchez 000103165 700__ $$0(orcid)0000-0002-7477-8742$$1502634$$aRaquel Manzano, Martínez 000103165 700__ $$0(orcid)0000-0003-3384-7534$$1486316$$aPedro Marco, Montori 000103165 700__ $$0(orcid)0000-0001-9096-2294$$1388432$$aJosé María Marín, Trigo 000103165 700__ $$0(orcid)0000-0001-6016-4726$$1142170$$aInmaculada Martín, Burriel 000103165 700__ $$0(orcid)0000-0002-8100-5596$$1103171$$aRoberto Martínez, Beamonte 000103165 700__ $$0(orcid)0000-0001-6650-8294$$1534998$$aRocío Mateo, Gallego 000103165 700__ $$0(orcid)0000-0001-8743-0182$$1133878$$aMaría Milagros Medina, Trullenque 000103165 700__ $$0(orcid)0000-0002-2494-102X$$1387401$$aMiguel Alejandro Menéndez, Sastre 000103165 700__ $$0(orcid)0000-0002-2202-3460$$1126725$$aPedro Merino, Filella 000103165 700__ $$0(orcid)0000-0001-6733-9373$$1652325$$aSara Miguel, Jiménez 000103165 700__ $$0(orcid)0000-0003-2436-7205$$1645983$$aLeticia Moreno, García 000103165 700__ $$0(orcid)0000-0002-6600-1618$$1420457$$aRaquel Moreno, Loshuertos 000103165 700__ $$0(orcid)0000-0002-0108-1004$$1327018$$aMaría Ángeles Navarro, Ferrando 000103165 700__ $$0(orcid)0000-0003-2410-5678$$1390417$$aIgnacio Ochoa, Garrido 000103165 700__ $$0(orcid)0000-0003-3982-1263$$1443541$$aLaura Ordovas, Vidal 000103165 700__ $$0(orcid)0000-0002-8251-8457$$1149632$$aJesús de la Osada, García 000103165 700__ $$0(orcid)0000-0001-6139-5905$$1649506$$aLaura Paz, Artigas 000103165 700__ $$0(orcid)0000-0002-0664-5024$$1407557$$aEstefanía Peña, Baquedano 000103165 700__ $$0(orcid)0000-0002-2312-6402$$1322002$$aRosaura María Pérez, Pe 000103165 700__ $$0(orcid)0000-0003-3203-6254$$1386506$$aJuan Pié, Juste 000103165 700__ $$0(orcid)0000-0001-5823-7965$$1317837$$aVictoriano Polo, Ortiz 000103165 700__ $$0(orcid)0000-0003-4128-2836$$1649836$$aItziar Ríos, Ruiz 000103165 700__ $$0(orcid)0000-0002-3595-7668$$1385710$$aMaría Jesús Rodríguez, Yoldi 000103165 700__ $$0(orcid)0000-0002-0269-7337$$1441517$$aEduardo Ruiz, Pesini 000103165 700__ $$0(orcid)0000-0001-6435-3540$$1433391$$aEmma Sevilla, Miguel 000103165 700__ $$0(orcid)0000-0001-8056-5236$$1401802$$aEstela María Solanas, Villacampa 000103165 700__ $$0(orcid)0000-0001-9022-2835$$1332483$$aJaime Soler, Herrero 000103165 700__ $$0(orcid)0000-0002-7243-1737$$1662371$$aJanne Markus Toivonen, 000103165 700__ $$1488275$$aElisabet Vera, Solsona 000103165 830__ $$9446 000103165 8564_ $$s27429$$uhttps://zaguan.unizar.es/record/103165/files/guia-27129-en.pdf$$yGuide (english) 000103165 8564_ $$s30150$$uhttps://zaguan.unizar.es/record/103165/files/guia-27129-es.pdf$$yGuía (idioma español) 000103165 970__ $$aGDOC-2020-27129 000103165 980__ $$aGDOC$$bSciences$$bCiencias$$c100